Канифоль и скипидар: подсочка хвойных и переработка живицы в Соединенных Штатах Северной Америке и других государствах; добывание терпентина, скипидара и канифоли, их свойства, химический состав и применения; с рисунками в тексте и картами распространения хвойных лесов в Европейской России

書誌詳細
第一著者: Тищенко В. Е. Вячеслав Евгеньевич
要約:Текст в русской дореформенной орфографии
言語:ロシア語
出版事項: Санкт-Петербург, Типография В. Демакова, 1895
版:издание департамента торговли и мануфактур министерства финансов
シリーズ:Всемирная Колумбова Выставка в Чикаго
主題:
フォーマット: 図書
KOHA link:https://koha.lib.tpu.ru/cgi-bin/koha/opac-detail.pl?biblionumber=358287

MARC

LEADER 00000nam0a2200000 4500
001 358287
005 20231102011058.0
035 |a (RuTPU)RU\TPU\retro\15555 
090 |a 358287 
100 |a 20200814d1895 km y0rusy50 ca 
101 0 |a rus 
102 |a RU 
105 |a ab z 001zy 
200 1 |a Канифоль и скипидар  |e подсочка хвойных и переработка живицы в Соединенных Штатах Северной Америке и других государствах  |e добывание терпентина, скипидара и канифоли, их свойства, химический состав и применения  |e с рисунками в тексте и картами распространения хвойных лесов в Европейской России  |f В. Е. Тищенко 
205 |a издание департамента торговли и мануфактур министерства финансов 
210 |a Санкт-Петербург  |c Типография В. Демакова  |d 1895 
215 |a 246 с.  |c ил., карта 
225 1 |a Всемирная Колумбова Выставка в Чикаго 
300 |a Текст в русской дореформенной орфографии 
320 |a Библиография в ссылках 
606 1 |a Канифольно-скипидарное производство  |x Лесное хозяйство  |2 stltpush  |3 (RuTPU)RU\TPU\subj\13751  |9 40320 
606 1 |a Канифольно-скипидарное производство  |x Химическая технология  |2 stltpush  |3 (RuTPU)RU\TPU\subj\34442  |9 56389 
610 1 |a хвойные деревья 
610 1 |a живица 
610 1 |a переработка 
610 1 |a зарубежный опыт 
610 1 |a США 
610 1 |a терпены 
610 1 |a скипидар 
610 1 |a канифоль 
610 1 |a свойства 
610 1 |a химический состав 
610 1 |a применение 
610 1 |a библиотека А. Э. Сабека 
675 |a 630.8  |v 4 
675 |a 665.94  |v 4 
700 1 |a Тищенко  |b В. Е.  |c советский химик  |c академик Ан (1935)  |c профессор Петербургского университета  |f 1861-1941  |g Вячеслав Евгеньевич  |2 stltpush  |3 (RuTPU)RU\TPU\pers\28660  |9 13476 
801 1 |a RU  |b 63413507  |c 20200814 
801 2 |a RU  |b 63413507  |c 20201013  |g RCR 
942 |c BK